Under the Tongue (Record no. 2765)
[ view plain ]
| 000 -LEADER | |
|---|---|
| fixed length control field | 00322nam a22001337a 4500 |
| 008 - FIXED-LENGTH DATA ELEMENTS--GENERAL INFORMATION | |
| fixed length control field | 250327b |||||||| |||| 00| 0 eng d |
| 020 ## - INTERNATIONAL STANDARD BOOK NUMBER | |
| ISBN | 0908311931 |
| 100 ## - MAIN ENTRY--AUTHOR | |
| Author | VERA Yvonne |
| 245 ## - TITLE STATEMENT | |
| Title | Under the Tongue |
| 260 ## - PUBLICATION, DISTRIBUTION, ETC. (IMPRINT) | |
| Place of publication | South Africa |
| Name of publisher | David Philip (pty) Ltd. |
| Date of publication | 1997 |
| 300 ## - COLLATION | |
| Pagination | 114p. |
| 942 ## - ADDED ENTRY ELEMENTS (KOHA) | |
| Item type | Books |
| 050 ## - LIBRARY OF CONGRESS CALL NUMBER | |
| Classification number | PN54 |
| Item number | .V47 |
| Source of classification or shelving scheme | Not for loan | Permanent location | Current location | Date acquired | Accession No. | Full call number | Barcode. | Koha item type |
|---|---|---|---|---|---|---|---|---|
| Library of Congress Classification | Samuel Ogbemudia Main Library, University of Abuja | Samuel Ogbemudia Main Library, University of Abuja | 03/27/2025 | 2002/23683 | PN54.V47 | 2025-1066 | Books |